Pomohou záruky přílivu kapitálu do zemědělství?
Vývoj poľnohospodárstva charakterizujú globálne údaje. Zasahovanie štátu do podnikateľskej sféry. Bankové úvery v poľnohospodárstve. Podporný a garančný roľnícky a lesnícky fond. Štátna podpora úverových programov v USA. Podpora farmárov v USA.
Saved in:
| Main Author: | |
|---|---|
| Format: | Book Chapter |
| Language: | Czech |
| Subjects: | |
| Tags: |
No Tags, Be the first to tag this record!
|
MARC
| LEADER | 00000naa a2200000 4500 | ||
|---|---|---|---|
| 001 | r000337 | ||
| 005 | 20221205075444.1 | ||
| 041 | 0 | |a cze | |
| 044 | |a SK | ||
| 245 | 1 | 0 | |a Pomohou záruky přílivu kapitálu do zemědělství? |c V. Bečvářová |
| 520 | |a Vývoj poľnohospodárstva charakterizujú globálne údaje. Zasahovanie štátu do podnikateľskej sféry. Bankové úvery v poľnohospodárstve. Podporný a garančný roľnícky a lesnícky fond. Štátna podpora úverových programov v USA. Podpora farmárov v USA. | ||
| 610 | 2 | 0 | |a poľnohospodárstvo |
| 610 | 2 | 0 | |a kapitál |
| 610 | 2 | 0 | |a úver bankový |
| 610 | 2 | 0 | |a podpory |
| 610 | 2 | 0 | |a USA |
| 610 | 2 | 0 | |a náklady |
| 610 | 2 | 0 | |a dotácie |
| 100 | 1 | |a Bečvářová, Věra | |